书目信息 |
| 题名: |
百年风雨话香港
|
|
| 作者: | 林庆元 , 李景端 主编 | |
| 分册: | ||
| 出版信息: | 南京 译林出版社 1997.04 |
|
| 页数: | 269页 | |
| 开本: | 32开 | |
| 丛书名: | ||
| 单 册: | ||
| 中图分类: | D676.58 | |
| 科图分类: | ||
| 主题词: | 政治--中国 | |
| 电子资源: | ||
| ISBN: | 7-80567-664-X | |
| 000 | 00605nam0 2200205 45 | |
| 001 | 0009141591 | |
| 005 | 20001019112440.2 | |
| 010 | @a7-80567-664-X@d10.50元 | |
| 100 | @a20000914d1997 km y0chiy0120 ea | |
| 101 | 0 | @achi |
| 105 | @a z 000yy | |
| 200 | 1 | @a百年风雨话香港@ABai Nian Feng Yu Hua Xiang Gang@f林庆元,李景端主编@FLin Qing Yuan,Li Jing Duan Zhu Bian |
| 210 | @a南京@c译林出版社@d1997.04 | |
| 215 | @a269页@d32开 | |
| 606 | 0 | @a政治@x中国 |
| 690 | @aD676.58@v3 | |
| 701 | 0 | @a林庆元@4主编 |
| 701 | 0 | @a李景端@4主编 |
| 801 | @aCN@bPftUser@c20000914 | |
| 905 | @dD676.58@eL922@b178433-435@f3 | |
| 百年风雨话香港/林庆元,李景端主编.-南京:译林出版社,1997.04 |
| 269页;32开 |
| ISBN 7-80567-664-X:10.50元 |
| ● |
| 相关链接 |
|
|
|
正题名:百年风雨话香港
索取号:D676.58/L922
 
预约/预借
| 序号 | 登录号 | 条形码 | 馆藏地/架位号 | 状态 | 备注 |
| 1 | 178433 | 201784337 | 社科库509/509社科库 76排8列6层/ [索取号:D676.58/L922] | 在馆 | |
| 2 | 178434 | 201784346 | 社科库509/509社科库 76排8列6层/ [索取号:D676.58/L922] | 在馆 | |
| 3 | 178435 | 201784355 | 社科库509/509社科库 76排8列6层/ [索取号:D676.58/L922] | 在馆 |